| 000 | 00437nam a2200157Ia 4500 | ||
|---|---|---|---|
| 008 | 240729s9999 xx 000 0 und d | ||
| 022 | _a2657-5000 | ||
| 245 | 0 | _aPlant and Fungal Systematics | |
| 260 | _aPoland | ||
| 260 | _bW. Szafer Institute of Botany, Polish Academy of Sciences | ||
| 650 | _a Botany | ||
| 650 | _aScience | ||
| 856 | _uhttps://doaj.org/toc/da0f1c13f5e942418357afd1bdae6238 | ||
| 942 | _2ddc | ||
| 942 | _cDOAJEJ | ||
| 999 |
_c66924 _d66924 |
||
| 945 |
_a1 _bMadushi Gamage _c1 _dMadushi Gamage |
||